00277nam a22001097a 450000500170000002000180001708200190003510000200005424500430007426000390011730000110015620260424122146.0 a9789383101344 a628.0954 IRF.G aKhan, Irfan Ali aGreen agriculture newer technologies / aJaipur :bAgrotech press ,cc2025. a264 p.